Kekra discographie - Statistiques

Statistiques générales
  • Ce quiz a été pris 57 fois
  • Le résultat moyen est 53 sur 206
Statistiques - réponses
Hint Réponse % Correct
Vréalité Vréalité
78%
Land Batman
66%
Freebase, Vol.04 Dubaï
66%
Freebase, Vol.04 Non
66%
Stratos Stratos
66%
Stratos Iverson
63%
Land 10 Balles
59%
Vréalité Aznavour
59%
Stratos Bloc de glace
59%
Vréalité CLS
56%
Land Frérot
56%
Freebase, Vol.04 Putain de salaire
56%
Vréel 2 9 milli
54%
Vréel 3 Pull up
51%
Stratos Vibe & Sun
51%
Stratos Ingé son
49%
Vréel 3 Intermission
49%
Kekra Phénomène
49%
Freebase, Vol.04 Intro
46%
Stratos Nuages
46%
Stratos Tour
46%
Land Wing Chun
46%
Vréel 3 Capuché
44%
Stratos En effet
44%
Kekra Numéro 9
44%
Vréel Pas joli
44%
Kekra Pull Up 2.0
44%
Vréel 2 Sans visage
44%
Kekra Capri
41%
Freebase, Vol.01 C kom ça
41%
Stratos Glock 18
41%
Stratos J'arrête
41%
Freebase, Vol.04 Kohhkra
41%
Freebase, Vol.04 Liste
41%
Kekra Sans les miens
41%
Stratos Trop tard
41%
Vréel 2 A.W.W.
39%
Land C'est bon
39%
Kekra Dans l'dos
39%
Vréalité Doré
39%
Vréel 2 Hilguegue
39%
Kekra Ici
39%
Land J'travaille
39%
Freebase, Vol.03 Samosa
39%
Vréel 3 Tout Seul
39%
Vréel 2 Uzi
39%
Freebase, Vol.04 Bravoure
37%
Vréalité COD
37%
Stratos Dinguerie
37%
Kekra Jeune voyou
37%
Kekra Laforet
37%
HLM Bootleg Manu milli
37%
Freebase, Vol.02 Por Que Hombre
37%
Land Sega
37%
Freebase, Vol.04 T-shirt blanc
37%
Vréalité Vrai-alité
37%
Freebase, Vol.01 Grande armée
34%
Vréalité Lights Out
34%
Vréel 3 Rap de Zulu
34%
Land Viceland
34%
Vréel 2 Walou
34%
Kekra Babyphone
32%
Singles & Exclus Booska Promesse
32%
Freebase, Vol.04 Datejust
32%
Stratos Disconnect
32%
Kekra Hokuto
32%
Vréel 3 Irie
32%
Freebase, Vol.04 Loyer
32%
Land Normal
32%
Stratos Nuit et jour
32%
Stratos Spend that
32%
Vréel 2 Styliste
32%
Vréalité Téléphone Maison
32%
Freebase, Vol.04 Anything
29%
Freebase, Vol.02 Casque Arai
29%
Stratos Combien de temps
29%
Singles & Exclus Envoie la monnaie
29%
Stratos Je pouvais
29%
Kekra Pas d'amis
29%
Kekra Thriller
29%
Stratos Torts
29%
Freebase, Vol.04 Ailleurs
27%
Freebase, Vol.03 Baldwin
27%
Vréel 3 Envoie la Monnaie 3.0
27%
Freebase, Vol.03 Fourmi
27%
Vréalité Korda
27%
Freebase, Vol.03 La Mort Nous Guette
27%
Kekra Maintenant
27%
Vréel 2 P.P.R
27%
HLM Bootleg Realest
27%
HLM Bootleg Rolex
27%
Freebase, Vol.03 Roll Deep Style
27%
Vréalité Sans les thunes
27%
Vréel 2 Boombastick
24%
Singles & Exclus Booska Césarienne
24%
HLM Bootleg Business
24%
Freebase, Vol.02 Canne à pêche
24%
Vréel 3 Eaux troubles
24%
Freebase, Vol.04 Mal compris
24%
Stratos Mal parti
24%
Freebase, Vol.01 R1-T
24%
Kekra Saoulé
24%
Vréel Satin
24%
Vréel 2 Trop loin
24%
Vréalité Violation
24%
Kekra Yao Ming
24%
Freebase, Vol.02 Alexander Wang
22%
Vréalité Chut
22%
Vréel 2 Family
22%
Vréel 2 J'connais personne
22%
Kekra J'éteins
22%
Freebase, Vol.01 John Wayne
22%
Kekra Manières
22%
Land Murda
22%
Kekra PFL
22%
Freebase, Vol.02 Raito Yagami
22%
Kekra Ready
22%
Kekra Rien du tout
22%
Vréel 3 Sans permis
22%
Stratos Spook
22%
Vréel 3 Tiekson
22%
Freebase, Vol.03 Très Ruche
22%
Freebase, Vol.03 Arriviste
20%
Singles & Exclus Booska Kira
20%
Freebase, Vol.01 Cagoulé
20%
HLM Bootleg Dréel
20%
Kekra Évidemment
20%
Vréel 3 Gros
20%
Vréel 2 J'fais comment
20%
Freebase, Vol.04 Laisse les faire
20%
Vréel Méfiant
20%
Kekra No Stress
20%
Vréalité OSMS
20%
Vréel PinPon
20%
HLM Bootleg Swish
20%
Vréel 3 TLB
20%
Vréel Trop chaud
20%
Singles & Exclus Booska Kekra
17%
Freebase, Vol.03 Borné
17%
Freebase, Vol.04 Devise
17%
Freebase, Vol.03 Jeux
17%
Vréel 3 Poches Pleines
17%
Singles & Exclus Tango Hawaï
17%
Singles & Exclus 7 Flows
15%
Freebase, Vol.02 BLT
15%
Vréel 2 Dans l'allée
15%
Vréel 3 Distances
15%
Vréel Frap
15%
Vréel 2 Jsuis là pour...
15%
Vréel 2 Laissez moi
15%
Vréel Lequel
15%
Vréel 3 Pas Millionné
15%
Vréel PJDTV
15%
Vréel 3 Proprement Dit
15%
Kekra Trop vite
15%
Kekra Check
12%
Singles & Exclus Dope
12%
Freebase, Vol.02 Ensemble
12%
Singles & Exclus Go
12%
Freebase, Vol.02 Jim Carrey
12%
Freebase, Vol.02 Marabouta
12%
Vréel Pas payé
12%
Singles & Exclus Power
12%
Singles & Exclus That's Not Me
12%
HLM Bootleg Twisted
12%
Vréel Cramé
10%
Vréel Faut que je fasse
10%
Kekra Fin du jeu
10%
Land Les autres
10%
Vréel 3 Lexro
10%
Vréel 2 Moment présent
10%
Freebase, Vol.02 PM
10%
Freebase, Vol.01 Résine
10%
Kekra Au large
7%
Freebase, Vol.01 Billet de 500
7%
Vréel 3 Carbonne
7%
Singles & Exclus Comment on fait là ?
7%
Freebase, Vol.02 Coup de cross
7%
Vréel Elite
7%
Vréel Fais en un autre
7%
Freebase, Vol.01 Fais moi voir
7%
Freebase, Vol.01 Fallait pas
7%
Vréel Hein
7%
Freebase, Vol.01 Sous la veste
7%
Singles & Exclus Tant d'années
7%
Singles & Exclus 15MDG
5%
Freebase, Vol.01 C la routine
5%
Singles & Exclus Dans le sas
5%
Singles & Exclus Freebase 4
5%
Freebase, Vol.03 Je Gère
5%
Singles & Exclus Macaroni
5%
Singles & Exclus Paluché
5%
Singles & Exclus Rap de Yencli
5%
Singles & Exclus Trap Queen
5%
Singles & Exclus 121017.17
2%
Singles & Exclus Bando Diaries
2%
Singles & Exclus Freestyle 2612
2%
Stratos Ivreson (remix)
2%
Freebase, Vol.02 Jeunesse déglinguée
2%
Stratos Lakehuse
2%
Singles & Exclus OKLM Freestyle
2%
Singles & Exclus Pe-stu
2%
Freebase, Vol.04 Putain de salaire (924 remix)
2%
Singles & Exclus The Race
2%
Freebase, Vol.01 Zink Scofield
2%
Singles & Exclus Vide
0%
Aucun quiz correspondant
Distribution des résultats
% des personnes avec chaque résultat
Percentile par nombre de réponses
Votre historique - résultats
Vous n’avez pas pris ce quiz